00702nam a2200169Ia 4500008004100000020002200041050002200063100003300085245010100118260002500219300001100244500002100255650007800276700005000354952011100404999001700515121028s9999 xx 000 0 und d a978-970-15-1278-4 aTK5105.8 H85 2007 aHuidobro Moya, José Manuel aRedes de datos y convergencia IP / José Manuel Huidobro Moya, Ramón Jesús Millán Tejedor aMéxico : Alfaomega a343 p. aIncluye glosario aRedes de computadoras TCP/IP (Protocolo de redes de computadoras)  aMillán Tejedor, Ramón Jesús, coautorÌ 00104070a14b14d2010-12-15l1oTK5105.8 H85 2007p14 003554r2017-02-01s2017-02-01t1w2012-10-28yLB c85916d85916